Descripción por comportamiento de la CPUCR en Verilog HDL
Shranjeno v:
| Glavni avtor: | |
|---|---|
| Format: | Knjiga |
| Izdano: |
San José, C.R.
2003
|
| Teme: | |
| Oznake: |
Označite
Brez oznak, prvi označite!
|
MARC
| LEADER | 00000nam a2200000Ia 4500 | ||
|---|---|---|---|
| 003 | 009215 | ||
| 005 | 20221231144146.0 | ||
| 008 | 140114s2003 cr a m 000 ||s d | ||
| 040 | |c cru CEDI | ||
| 090 | |a TFG 4754 | ||
| 100 | |a Rodríguez Soto, Luis Eduardo |9 6875 | ||
| 245 | |a Descripción por comportamiento de la CPUCR en Verilog HDL | ||
| 260 | |c 2003 |a San José, C.R. | ||
| 500 | |a Proyecto de graduación (bachillerato en ingeniería eléctrica)--Universidad de Costa Rica. Facultad de Ingeniería. Escuela de Ingeniería Eléctrica | ||
| 650 | |x PROGRAMACION (COMPUTADORAS ELECTRONICAS DIGITALES) LinkMICROCOMPUTADORAS |x MICROCOMPUTADORAS |9 6876 | ||
| 942 | |c TFG | ||
| 999 | |c 17728 |d 17728 | ||
